000 00511nam a2200181 a 4500
001 1777027203737
003 YourLibrary
005 20260424161208.0
008 260424s2004##################000#0#eng##
020 _a9780406977267
082 0 4 _a344.2063BUR
100 1 _aBurrows, Andrew S.,
_eauthor.
245 1 0 _aRemedies for Torts and Breach of Contract :
260 _bOxford University Press, USA,
_c2004.
650 0 _aBreach of contract.
942 _cENGLISH
040 _aYourLibrary
_beng
_cYourLibrary
999 _c619877
_d619877